000 00433nam a2200205Ia 4500
001 004443
003 YMCAF
005 20230512160300.0
008 100717s1971 ||||||||||||||||| ||und|d
024 _a4443
035 _a4440
040 _aYMCAF
_beng
_cIN-KoLT
041 _aeng
082 _aPRI-LART
100 _aLANG V PAUL
245 0 _aPRINCIPLES AIR CONDITIONAING
260 _c1971
300 _a340
942 _2ddc
_cBK
999 _c3512
_d3512